| 000 | 00583nam a2200217Ia 4500 | ||
|---|---|---|---|
| 001 | 22021 | ||
| 003 | AR-BaAGN | ||
| 005 | 20231116141729.0 | ||
| 007 | ta | ||
| 008 | 211213s1910 sp |||||||||||||| ||spa d | ||
| 040 |
_dAR-BaAGN _aAR-BaAGN _bspa _eaacr |
||
| 100 | _aBlasco Ibañez, Vicente | ||
| 245 | 1 | 0 |
_aArgentina y sus grandezas / _cVicente Blasco Ibañez |
| 260 |
_aMadrid : _bEspañola Americana, _c1910. |
||
| 300 |
_a786 páginas : _bilustraciones |
||
| 336 |
_2rdacontent _btxt |
||
| 337 |
_2rdamedia _bn |
||
| 338 |
_2rdacarrier _bnc |
||
| 942 | _cLIBRO | ||
| 999 |
_c22021 _d22021 |
||